| 000 | 00761nam a2200241 a 4500 | ||
|---|---|---|---|
| 001 | 65350 | ||
| 003 | BD-RjUL | ||
| 005 | 20211209081419.0 | ||
| 008 | 170305s1946 is 000 0 eng d | ||
| 035 | _a(BD-RjUL) 65480 | ||
| 040 |
_aDLC _cGEU _dBD-RjUL _beng |
||
| 041 | _aeng | ||
| 082 |
_223 _a956.94 _bKAP 1946 |
||
| 100 | 1 |
_aKaznelson, Siegmund. _9193419 |
|
| 245 | 1 | 4 |
_aThe Palestine problem and its solution : _ba new scheme / _cSiegmund Kaznelson. |
| 260 |
_aJerusalem, _bThe Jewish publishing house ltd., _c1946. |
||
| 300 |
_a117 p. ; _c18 cm. |
||
| 500 | _aBibliographical foot-notes. | ||
| 650 |
_aPalestine _xPolitics and government. _9193420 |
||
| 651 | 0 |
_aPalestine _xPolitics and government. _9193420 |
|
| 942 |
_2ddc _cBK |
||
| 999 |
_c65350 _d65350 |
||